[Event "Rostock GM"]
[Site "Rostock"]
[Date "2002.08.27"]
[Round "3"]
[White "Tischbierek, Raj"]
[Black "Szelag, Marcin"]
[Result "1-0"]
[WhiteElo "2523"]
[BlackElo "2369"]
[Annotator "Konikowski,J"]
[PlyCount "99"]
[EventDate "2002.08.25"]
[EventType "tourn"]
[EventRounds "9"]
[EventCountry "GER"]
[EventCategory "8"]
[SourceTitle "CBM 091"]
[Source "ChessBase"]
[SourceDate "2002.11.12"]
[SourceVersion "1"]
[SourceVersionDate "2002.11.12"]
[SourceQuality "1"]

1. g3 e5 2. Bg2 Nf6 3. d3 d5 4. Nf3 Nc6 5. O-O Be7 6. c3 a5 7. Nbd2 O-O 8. e4
dxe4 9. dxe4 Bc5 10. Qc2 Be6 11. Ng5 Bg4 12. Nc4 Ne8 (12... Qc8 13. Be3 Bxe3
14. Nxe3 h6 15. Nf3 Bxf3 16. Bxf3 Ne7 17. Be2 Qe6 18. Rad1 Qc6 19. Nc4 Ng6 20.
Bd3 Rfd8 21. a4 b6 22. Ne3 Ne7 23. Rfe1 Kf8 24. Re2 Qc5 25. Red2 Rd7 26. Bb5
Rxd2 27. Rxd2 $16 {Tischbierek,R-Zueger,B/Zuerich 1999/}) (12... h6 13. Nf3 Nd7
14. Ne3 Be6 15. Rd1 Qc8 16. Nh4 Re8 17. Nd5 Ne7 18. Nf5 Nxd5 19. exd5 Bxf5 20.
Qxf5 Nf6 21. Qxc8 Raxc8 22. Be3 Bxe3 23. fxe3 Rcd8 24. h3 Rd6 25. e4 Nd7 26.
Kf2 Rb6 27. b3 $14 {Tischbierek,R-Rechel,R/Willingen 1999/}) 13. h3 $146 {
[%mdl 8]} (13. Nf3 Qf6 (13... f6 14. Be3 (14. Nh4 Be6 15. Rd1 Qe7 16. Nf5 Qf7
17. Be3 Bxe3 18. Ncxe3 $14) 14... Bxe3 15. Nxe3 Be6 16. Nh4 Qe7 17. Nd5 Qc5 18.
Rfd1 Nd8 19. Qe2 Rf7 20. Nf5 Rd7 21. Nde7+ Rxe7 22. b4 axb4 23. cxb4 Qxb4 24.
a3 Rxa3 25. Nxe7+ Qxe7 26. Rxa3 Qxa3 27. Rxd8 Qe7 28. Rb8 $14 {Del Dotto,R-Del
Rio Angelis,S/Bratto ITA 2002/}) 14. Nh4 Qe6 15. Ne3 Bxe3 16. Bxe3 Nd6 17. f3
Bh3 18. Bxh3 Qxh3 19. Bc5 Qe6 20. Nf5 Rfd8 21. Bxd6 cxd6 22. Ne3 Ne7 23. c4 Qc8
24. Kg2 Qc5 25. Qd2 h6 26. Rac1 Rac8 27. Rfd1 $14 {Moser,E-Riedner,M/AUT 2000/}
) 13... Bh5 14. Nf3 f6 15. Be3 Bxe3 16. Nxe3 Nd6 17. Rad1 Bf7 18. Nd2 Qb8 19.
Nd5 Rd8 20. Rfe1 b5 21. a4 Kf8 22. axb5 Nxb5 23. Qa4 Ne7 24. Nb3 Nd6 25. Qa3
Nxd5 26. exd5 Kg8 27. Nd2 Ra7 28. c4 a4 29. Rc1 Nf5 {[%cal Yd4b3,Yf5d4,Yd6f5]}
30. d6 $2 (30. Ne4 $142) 30... c6 $2 (30... Rxd6 $142) 31. c5 (31. Bxc6 $2 Qxd6
$17) 31... Nd4 32. Nf3 Nb3 33. Rc3 Ra5 34. Nh4 Qa7 {[%cal Ra5c5,Ra7c5,Rb3c5,
Ga3c5,Gc3c5]} (34... Nd4 $5) 35. Nf5 Be8 $2 (35... Kh8 36. Ne7 Be8 37. Nxc6
Bxc6 38. Bxc6 Rxc5 39. Rxc5 Nxc5 40. Rc1 $14) 36. Ne7+ Kh8 37. Rd1 (37. Bxc6 $5
Rxc5 38. Rxc5 Qxc5 39. Qxc5 Nxc5 40. Bxe8 Rxe8 41. Rc1 $18) 37... Qa8 38. Rxb3
axb3 39. Qxb3 Bd7 40. Qc3 (40. Be4 $5) 40... Ra1 41. Rxa1 Qxa1+ 42. Kh2 Qa4 43.
b4 (43. Qa3 Qb5 44. Qa7 Qxb2 45. Qc7 Qb8 46. Qxb8 Rxb8 47. Bxc6 $18) 43... Rb8
44. Qc4 Rf8 45. Qe4 (45. Qh4 $5) 45... Re8 46. Nxc6 f5 47. Qd5 e4 48. Ne7 Qc2
49. c6 Rxe7 50. cxd7 1-0

[Event "EU-ch 3rd"]
[Site "Batumi"]
[Date "2002.06.24"]
[Round "12"]
[White "Anastasian, Ashot"]
[Black "Radulski, Julian"]
[Result "1-0"]
[WhiteElo "2591"]
[BlackElo "2501"]
[Annotator "Kostakiev,D"]
[PlyCount "90"]
[EventDate "2002.06.12"]
[EventType "swiss"]
[EventRounds "13"]
[EventCountry "GEO"]
[SourceTitle "CBM 090"]
[Source "ChessBase"]
[SourceDate "2002.09.20"]
[SourceVersion "1"]
[SourceVersionDate "2002.09.20"]
[SourceQuality "1"]

1. Nf3 d5 2. g3 Nf6 3. Bg2 e6 4. O-O Be7 5. d3 c5 6. Nbd2 Nc6 7. e4 {
Nimzowitsch 1907} b6 (7... O-O 8. Re1 Re8 9. h3 b6 10. exd5 Nxd5 11. Ne4 Bb7
12. Bd2 {1-0 Nimzowitsch,A-Forgacs,L/Ostende 1907/HCL (35)}) 8. Re1 Bb7 9. e5
Nd7 10. h4 Qc7 11. Qe2 {Flesh-1967.Statistic:White-35%,draws-30%;Black-35%}
O-O-O (11... h6 12. h5 O-O-O 13. Nf1 Kb8 14. N1h2 b5 15. Ng4 Nb6 {1/2-1/2
Benko,P-Seirawan,Y/Lone Pine 1977/MCD (19)}) 12. c4 (12. Nf1 Rde8 13. Bf4 h6
14. c3 d4 15. cxd4 g5 16. hxg5 hxg5 {1/2-1/2 Flesch,J-Shamkovich,L/Salgotarjan
1967/EXT 2001 (36)}) 12... Nb4 $5 {/\ Xd3;/\Xc2} ({Bad result shows} 12... d4
$143 $6 {[Pd5 is better on d5, controling point e4. Capablanca said that 2
adjacent PP are stronger being to one and the same horizontal line].} 13. Nf1 (
13. a3 h6 14. h5 Rdg8 15. b4 g6 16. hxg6 Rxg6 {1/2-1/2 Lee,G-Belkadi,R/Siegen
1970/EXT 2002 (35)}) 13... h6 14. N1h2 (14. a3 Rdg8 15. N1h2 g5 16. hxg5 hxg5 {
1-0 Benoit,M-Prevot,E/France 1994/EXT 99 (35)}) 14... Rdg8 (14... Rhg8 15. Ng4
Ba8 16. Bd2 Qb7 {1-0 Huber,P-Palmer,C/Bensheim 1997/EXT 99 (26)}) 15. Ng4 {
1-0 Szmetan,J-Biaggi,E/Buenos Aires 1978/EXT 99 (40)}) (12... h6 13. Nf1 dxc4
14. dxc4 Nd4 15. Nxd4 cxd4 16. Bd2 a5 {1-0 Wilson,E-Bhat,V/Philadelphia 1997/
EXT 2000 (40)}) 13. Nf1 $146 (13. cxd5 Nxd5 (13... Bxd5 $5) 14. Nc4 h6 15. Bd2
Kb8 {1-0 Weindl,A-Van Dongen,P/Cannes 1993/TD (29)}) 13... dxc4 14. dxc4 Nb8
15. a3 Nd3 16. Rd1 Nxc1 17. Rdxc1 Nc6 18. N1d2 Rd7 19. b4 cxb4 20. axb4 Bxb4
21. Ne4 Kb8 22. c5 Rhd8 23. Rab1 a5 24. Nd6 bxc5 {[#]} 25. Rxc5 Rxd6 (25...
Bxc5 $142 26. Rxb7+ $1 (26. Nxb7 $2 Rd1+ 27. Rxd1 Rxd1+ 28. Qxd1 Qxb7 $15)
26... Qxb7 27. Nxb7 Rxb7 28. Qc2 $16) 26. exd6 $18 Qxd6 27. Rb5 (27. Rcc1 Qd5
28. Qc2 $18) 27... Rd7 28. Qe3 f6 {[#]} 29. Rc1 $6 $138 (29. Ra1 $142 $5 Qd3
$140 30. Qxe6 Rd6 31. Qg8+ Rd8 32. Rxb7+ Kxb7 33. Qxg7+ Rd7 34. Qg4 $16) 29...
Nd8 $1 30. Qb3 (30. Bf1 $6 Rc7 31. Rxc7 Kxc7 32. Qa7 (32. Bg2 Qc6 $11) 32...
Qc6 $132) 30... Qd3 31. Qa4 (31. Rxb4 axb4 32. Qxb4 e5 33. Ne1 $14) 31... e5 $2
{In the zeithot folow a lot of mutual mistakes.} (31... Qa3 $1 $11 32. Qc2 (32.
Rxb7+ Nxb7 (32... Rxb7 $2 33. Qc2 $18) 33. Qc6 Qd3 $132) 32... Qd3 33. Qa4) 32.
Kh2 (32. Ne1 $1 $18) 32... e4 33. Ng1 (33. Bh3 Rd5 34. Rxd5 Qxd5 35. Rd1 Qg8
36. Nd4 $16) 33... g6 34. Nh3 (34. Nh3 Ne6 35. Rb6 Nc5 36. Qc6 $14) 34... f5 $2
(34... Ne6 $142 $14) 35. Nf4 $6 (35. Bf1 $1 Qd4 36. Be2 $16) 35... Qd4 $2 (
35... Qd2 36. Ra1 $14) 36. Qa2 (36. Ne2 $142 $16) 36... Nf7 $2 (36... Rc7 37.
Rxc7 Kxc7 38. Nd5+ Kc8 $14) 37. Ne6 $18 Qd2 38. Rc2 Qd3 39. Rxb4 axb4 40. Nc5
Qd5 41. Nxd7+ Qxd7 42. Qb2 Qd6 43. Rc4 Qe5 44. Qxb4 Nd6 45. Rc5 Qe7 1-0

[Event "Orel"]
[Site "Orel"]
[Date "1994.??.??"]
[Round "10"]
[White "Totsky, Leonid"]
[Black "Legky, Nikolay A"]
[Result "1/2-1/2"]
[WhiteElo "2390"]
[BlackElo "2510"]
[Annotator "Legky,N"]
[PlyCount "69"]
[EventDate "1994.??.??"]
[EventType "tourn"]
[EventRounds "11"]
[EventCountry "RUS"]
[EventCategory "8"]
[SourceTitle "CBM 042"]
[Source "ChessBase"]
[SourceDate "1994.10.01"]
[SourceVersion "1"]
[SourceVersionDate "1994.10.01"]
[SourceQuality "1"]

1. e4 e6 2. b3 d5 3. Bb2 dxe4 (3... Nf6 $5) 4. Nc3 Nf6 5. Qe2 Bb4 $5 6. O-O-O
Qe7 (6... Bxc3 $5 7. Bxc3 b6 $13) 7. Nxe4 Ba3 8. Nxf6+ Qxf6 $10 9. d4 Bxb2+ 10.
Kxb2 c5 $6 (10... O-O $32) (10... b6 $32 11. Qe4 c6) 11. Qf3 $14 (11. Qe5 $14)
11... cxd4 12. Qxf6 gxf6 13. Rxd4 Ke7 14. Nf3 (14. f4 $5) 14... Nc6 15. Rd2 $6
(15. Rh4 $32 $14) 15... e5 $1 16. g3 Bg4 17. Bg2 Rad8 18. Rhd1 e4 $5 (18... Nd4
19. Nxd4 Bxd1 20. Nf5+ Ke6 21. Ng7+ Ke7 22. Nf5+ $10) 19. Rxd8 Rxd8 20. Re1 $8
Bxf3 $1 (20... f5 $6 21. Nh4 {/\f3+/-/}) 21. Bxf3 f5 22. Bh1 (22. Be2 $32 $10)
22... Rd2 23. f3 Rxh2 24. fxe4 f4 25. gxf4 Nb4 26. Kc3 $5 (26. Kb1 Nxc2 $10)
26... a5 27. Kc4 $1 Rxc2+ 28. Kb5 Rxa2 29. e5 Nd3 (29... Nc2 30. Rc1 $10) 30.
Rf1 $8 Rb2 $6 (30... Rf2 31. Rxf2 Nxf2 32. Bxb7 Nd3 $10) 31. Kc4 $6 (31. Be4 $1
$16) 31... Nf2 32. Bxb7 h5 33. Bd5 Ng4 34. Rh1 Ne3+ 35. Kd4 1/2-1/2

[Event "Gibraltar Masters 10th"]
[Site "Caleta"]
[Date "2012.01.30"]
[Round "7"]
[White "Felgaer, Ruben Alejandro"]
[Black "Movsesian, Sergei"]
[Result "0-1"]
[WhiteElo "2571"]
[BlackElo "2700"]
[Annotator "Let's Check"]
[PlyCount "72"]
[EventDate "2012.01.24"]
[EventType "swiss"]
[EventRounds "10"]
[EventCountry "GGB"]
[SourceTitle "CBM 147"]
[Source "ChessBase"]
[SourceDate "2012.03.16"]
[SourceVersion "1"]
[SourceVersionDate "2012.03.16"]
[SourceQuality "1"]

1. e4 c5 2. Nf3 e6 3. g3 Nc6 4. Bg2 Nf6 5. Qe2 d6 6. O-O Be7 7. c3 O-O 8. Rd1
h6 9. d4 cxd4 10. cxd4 d5 11. e5 Ne4 12. Ne1 Bd7 13. f3 Ng5 14. Nc3 f5 15. Be3
Qb6 16. h4 Nf7 17. Nd3 g5 18. hxg5 hxg5 19. f4 Kg7 20. fxg5 Nxg5 21. Nf4 Qd8
22. g4 Qb6 23. Nh5+ Kg8 24. Nf6+ Bxf6 25. exf6 $2 (25. gxf5 Nh7 26. fxe6 $18)
25... f4 $11 26. Nxd5 $2 (26. Qd3 Rxf6 27. Bxf4 $11) 26... exd5 $19 27. Bxd5+
Be6 28. Bxe6+ Nxe6 29. Bf2 Ng5 30. Qc4+ Rf7 31. Rd3 Re8 $2 (31... f3 32. Re1
Nb4) 32. Rb3 Qd8 33. Bh4 Qxf6 34. Qd5 Nf3+ $1 35. Rxf3 Qxh4 36. Rf2 Rd8 0-1

[Event "RUS-chT 04th"]
[Site "Azov"]
[Date "1996.??.??"]
[Round "1"]
[White "Drozdov, Igor"]
[Black "Glek, Igor Vladimirovich"]
[Result "0-1"]
[WhiteElo "2450"]
[BlackElo "2670"]
[Annotator "Makarichev,S"]
[PlyCount "58"]
[EventDate "1996.??.??"]
[EventType "team-tourn"]
[EventRounds "7"]
[EventCountry "RUS"]
[SourceTitle "CBM 056 Extra"]
[Source "ChessBase"]
[SourceDate "1997.03.01"]
[SourceVersion "1"]
[SourceVersionDate "1997.03.01"]
[SourceQuality "1"]
[WhiteTeam "Noyabrsk Yamal"]
[BlackTeam "Azov Ladya"]
[WhiteTeamCountry "RUS"]
[BlackTeamCountry "RUS"]

1. e4 e6 2. Nf3 d5 3. Nc3 d4 4. Ne2 c5 5. c3 dxc3 6. bxc3 Nf6 $5 (6... Nc6 7.
d4 Nf6 8. Ng3 cxd4 9. cxd4 Bb4+ 10. Bd2 Qa5 11. Rb1 Bxd2+ 12. Qxd2 Ke7 $1 $10 {
Sigurjonsson,G-Hort,V/Hastings/1975/}) 7. Ng3 Nc6 8. Bb5 $5 (8. d4 cxd4 9. cxd4
Bb4+ {-6...Nc6}) 8... Bd7 9. O-O h5 $1 {xe4,d4} (9... Be7 10. d4 Qa5 11. Qb3
$14) 10. d3 (10. h4 $6 Bd6 $15) 10... h4 11. Ne2 h3 $1 12. g3 Be7 13. Bxc6 (13.
Rb1 $5 $13) 13... Bxc6 14. Ne5 Qc7 $132 15. Nxc6 (15. Bf4 $5 Nh5 (15... g5 $6
16. Nxc6 gxf4 17. Nxe7 fxg3 18. fxg3 $14) 16. Nxc6 Nxf4 17. Nxe7 Nxe2+ 18. Qxe2
$10) 15... Qxc6 16. f3 O-O-O 17. Be3 Kb8 (17... c4 $5 18. Nd4 (18. d4 $140 $2
Nxe4 $1 19. fxe4 Qxe4 $17) 18... Qa6 $1 $15 19. a4 (19. dxc4 $140 $2 e5) 19...
Bc5 $15 (19... cxd3 20. Nb5 $13)) 18. Qc2 Ka8 $1 {/^f4-b8} 19. a4 Nd7 20. Qa2
f5 $1 21. exf5 $6 (21. Nf4 $5 Bg5 $1 $15 (21... c4 $6 22. Qxc4 Qxc4 23. dxc4
Bc5 24. Rfe1 $14) (21... Rh6 $6 {/\g7-g5} 22. exf5 exf5 23. Nd5 $16)) 21...
exf5 22. d4 (22. Nf4 Ne5 $17) 22... g5 {xf4} 23. d5 Qa6 24. c4 Bf6 25. Rab1
Rhe8 $19 26. Bc1 (26. Rb3 Qxc4) (26. Qb3 f4 $1 27. gxf4 gxf4 28. Nxf4 (28. Bxf4
Rxe2 $19) 28... Rxe3 29. Qxe3 Bd4 $19) (26. Bf2 Ne5 27. Bxc5 Nxc4 28. Rfc1 Nd2
29. Qxd2 Rxe2 30. Qb4 Rg2+ 31. Kh1 Rxh2+ $1 $19 32. Kxh2 Qe2+) 26... Nb6 27.
Rb5 Qxa4 28. Qxa4 Nxa4 29. Rf2 Nc3 (29... Nc3 30. Nxc3 Re1+ 31. Rf1 Bd4+ 32.
Kh1 Rxf1#) 0-1

[Event "EU-ch 12th"]
[Site "Aix les Bains"]
[Date "2011.03.23"]
[Round "2"]
[White "Lobzhanidze, Davit"]
[Black "Volkov, Sergey"]
[Result "1-0"]
[WhiteElo "2489"]
[BlackElo "2621"]
[Annotator "Marchand,A/Primel,D"]
[PlyCount "86"]
[EventDate "2011.03.22"]
[EventType "swiss"]
[EventRounds "11"]
[EventCountry "FRA"]
[SourceTitle "CBM 142 Extra"]
[Source "ChessBase"]
[SourceDate "2011.06.27"]
[SourceVersion "1"]
[SourceVersionDate "2011.06.27"]
[SourceQuality "1"]
[TimeControl "40/5400+30:1800+30"]

1. e4 e6 2. d3 d5 3. Qe2 (3. Nd2 c5) 3... Nf6 4. Nf3 Be7 5. g3 b5 6. Bg2 c5 ({
RR} 6... dxe4 7. dxe4 b4 8. a3 Ba6 9. Qd2 Nc6 10. e5 Nd5 11. Bf1 Bxf1 12. Kxf1
a5 13. Kg2 O-O 14. Qe2 Qd7 15. Re1 Rfd8 16. axb4 axb4 17. Rxa8 Rxa8 18. Nbd2
Nb6 19. Nc4 Nxc4 20. Qxc4 Ra5 21. Qe4 {Timman,J (2655)-Kortschnoj,V (2659)/
Wijk aan Zee 2000/ CBM 075/1/2-1/2 (65)}) ({RR} 6... Bb7 7. O-O a6 8. exd5 Bxd5
9. c4 Bb7 10. cxb5 axb5 11. d4 b4 12. Nbd2 O-O 13. Nc4 Nbd7 14. Rd1 Nb6 15.
Nce5 Ra7 16. h4 Qa8 17. Bh3 Rxa2 18. Rxa2 Qxa2 19. Qc2 Bd6 20. Bg5 Ne4 21. Re1
{Shaposhnikov,E (2573)-Volkov,S (2630)/playchess.com INT 2004/EXT 2005/0-1 (63)
}) 7. O-O Nc6 8. Re1 (8. c3) 8... Bb7 9. e5 (9. Nbd2 O-O 10. e5) 9... Nd7 10.
h4 h6 11. h5 {[%csl Rg6]} a5 12. a4 b4 13. c4 bxc3 14. bxc3 Nb6 15. Bf4 c4 16.
d4 Na7 {Un coup bizarre} 17. Qd1 (17. Nh2 $5 {[%cal Gh2g4]}) 17... Bc6 18. Re2
Qd7 19. Rea2 Kd8 (19... O-O {Les Blancs n'ont pas de menaces directes а
l'aile-roi et le roque semblait plus naturel} 20. Nbd2 (20. g4 Rfb8 21. g5 Nxa4
22. gxh6 Rxb1 $1)) 20. Nh2 {(=)} Kc7 21. Bf3 Rhb8 {Les pièces Noires se
marchent dessus а l'aile-dame} 22. Nd2 Nxa4 $6 (22... Rb7 $142 {[%cal Ga8b8]
La faiblesse "a4" est fixée et il valait mieux terminer le développement avant
de l'attaquer}) 23. Rxa4 Bxa4 24. Rxa4 Nb5 25. Qa1 Nxc3 {L'idée de la prise 22.
Na4 mais les Blancs ont vu plus loin} 26. Rxa5 $40 {[%csl Rc7]} Na4 {Pensant
forcer l'échange des R et avec le P passé "c3", les Noirs auraient un bon jeu
mais les Noirs vont avoir une mauvaise surprise.} 27. Rxd5 $3 {[%cal Gf4c7] Le
plan aventureux d'amener le K а l'aile-dame se paie au prix fort.} Qe8 28. Rd6
c3 29. Bxa8 $18 Rxa8 30. Ne4 Bxd6 31. exd6+ Kd8 32. Nxc3 Nb6 33. Qb1 Qc6 34.
Qh7 Ra3 35. Ne4 Nd5 36. Qg8+ Qe8 37. Qxg7 Ra1+ 38. Nf1 Qb5 39. Qh8+ Qe8 40.
Qxh6 Nxf4 41. Qxf4 Qb5 42. Qg5+ Qxg5 43. Nxg5 f6 {les Noirs ont fait trainé
jusqu'au 56ème coup} 1-0